000 00615nam a2200229Ia 4500
005 20250508165509.0
008 008 250505s9999 xx 000 0 eng d
020 _a978-0-415-66870-5
037 _aTextual
040 _aFEDL
_beng
_cFEDL
041 _aeng
_2eng
084 _a809.05, GUP
_qFEDL
100 _aGupta Suman
245 0 _aContemporary literature: The basics
260 _aLondon, UK
_bRoutledge
_c2012
300 _a184p.
365 _aINR
_b6
490 _aThe Basics
546 _aSpecial Indian reprint, 2015
942 _cTEXL
_h809.05, GUP
999 _c1395456
_d1395456